000 00560nam a2200217Ia 4500
003 OSt
005 20230417145250.0
008 210423s2011 xx 000 0 und d
020 _a9788132204046
040 _cAL
041 _aeng
082 _a512
_223
_bBANT
100 _aBANCHOFF (Thomas);WERMER (John).
_989442
245 _aLinear algebra through geometry.
250 _a2
260 _aNew Delhi
_bSpringer Pvt Ltd
_c2011
300 _axii,305
_bPB
365 _b429
_cINR
906 _aalgebra ; geometry. ; Linear ; through
942 _2ddc
_cBK
999 _c160575
_d160575